000 01049nam a22003257i 4500
003 EG-GICUC
005 20260121101434.0
008 251206s1934 fr ||||fr|||| 001 0 fre d
040 _aEG-GiCUC
_bfre
_cEG-GiCUC
_dEG-GiCUC
_eRda
041 _afre
082 0 4 _221
_a341.1
_bLE . R
092 0 4 _221
099 _aLaw1 11 341.1 LE . R 2 ed - 1934
100 1 _aLe Fur, Louis
_eAuteur
245 1 0 _aRecueil de Textes de Droit International Public /
_cLouis Le Fur , Georges Chklaver.
250 _aDEUXIÈME EDITION
264 1 _aParis :
_bDalloz,
_c1934.
300 _a1111 pages ;
_c 24 cm.
336 _2rda contenu
_a texte
337 _2rda medias
_aOrdinateur
338 _2 transporteur rda
_a Ressource en ligne
504 _aBibliographic references
546 _aTexte en français
650 1 4 _aDroit international public
_2qrmak
651 1 _2qrmak
700 1 _aChklaver, Georges
_eAuteur
856 4 0 _uhttps://fll.law.cu.edu.eg/fulltext/bks/B11-05495.pdf
905 _a75
_eHassnaa
942 _2ddc
_cBK
_e21
_n0
999 _c48663
_d48663